MDQL
is popping MORE tags! Check the
thread
!
Quizzes
Events
Quiz Creation
Community
Videos
Private Events
Remove Ads
Sign In
Join for FREE
Feedback
Dark Mode
Quiz Categories
Sports
Geography
Music
Movies
Television
Just For Fun
Miscellaneous
History
Literature
Language
Science
Gaming
Entertainment
Religion
Holiday
For Kids
Quiz Lab
Recent
Popular Today
Quiz Kudos Today
Editor Picks
Curator Picks
Quizzes by...
Day
Popularity
Type
Ratings
Length
Year
Community
Subscriptions
Recent Discussions
Orange Saloon
Badges
Playlists
Quests
Create
Leaderboards
Showdown
Live 5
Trivia Bingo
Activity
Puzzle Library
Sporcle Events
Private Events
Virtual Trivia
Globe League
Become a Host
Pub Owners
SporcleCon
Opinionation
Our Games
Videos
Blog
Mobile Apps
Partnerships
Remove Ads and Go Orange
Feedback
Movies
Disney
Marvel Cinematic Universe
Movie Resume
Movie Titles
Oscar
Actor
Actress
Director
Pixar
Role
Movie Quotes
Movie Characters
Box Office
Nominee
Best Picture
Star Wars
James Bond
Horror Movies
Movies
Disney
Marvel Cinematic Universe
Movie Resume
Movie Titles
Oscar
Actor
Actress
Director
Pixar
Role
Movie Quotes
Movie Characters
Box Office
Nominee
Best Picture
Star Wars
James Bond
Horror Movies
Random Quiz
Search Sporcle
×
Quiz Lab
Quiz Lab
Movies
nicholas
Type in answers that appear in a list
Type in answers that appear in a list
Classic
Best Score? Go Orange.
Films by Nicholas Ray Stats
Can you name the Films by Nicholas Ray?
By
NotBadFor
7m
23 Questions
86 Plays
86 Plays
86 Plays
Comments
Comments
Give Quiz Kudos
Give Quiz Kudos
-
- Ratings
hide this ad
More Info
Replay
Link that replays current quiz
Next Quiz
Link to next quiz in quiz playlist
You Got
0%
They Got
Avg Score
50%
Avg Friend Score
Upgrade to see
Score Distribution
Jump to the score distribution portion of the page
Score
0/23
Timer
07:00
0
Plays Today
Year
Film
% Correct
1955
Rebel Without a Cause
97.7%
1954
Johnny Guitar
87.2%
1949
They Live by Night
81.4%
1950
In a Lonely Place
81.4%
1956
Bigger Than Life
76.7%
1952
The Lusty Men
66.3%
1961
King of Kings
65.1%
1952
On Dangerous Ground
57%
1958
Party Girl
55.8%
1960
The Savage Innocents
52.3%
1957
Bitter Victory
47.7%
1980*
Lightning Over Water
45.3%
Year
Film
% Correct
1958
Wind Across the Everglades
43%
1949
A Woman's Secret
36%
1955
Run for Cover
36%
1963
55 Days at Peking
36%
1950
Born to Be Bad
34.9%
1951
Flying Leathernecks
34.9%
1949
Knock on Any Door
33.7%
1956
Hot Blood
30.2%
1957
The True Story of Jesse James
27.9%
1976
We Can't Go Home Again
26.7%
1974
Wet Dreams (segment 'The Janitor')
16.3%
Quiz Playlist
Details
Report
Send in Message
Add To Playlist
More Info:
* CO-DIRECTED WITH WIM WENDERS
Classic:
Type in answers that appear in a list
Last Updated: Jun 2, 2017
Quiz Scoreboard
CHALLENGE
Sign Up to Join the Scoreboard
Show All
Scores
Hide
Comments
May contain spoilers
Recently Published
Holiday 10x10 Sorting Gallery
by lukepisani3
Holiday
15m
Two Season TV Shows II
by 123Four
Television
10m
Image Sorting: Flags VI
by Barbecue
Geography
2m
More to Explore
Quiz From the Vault
Featured Blog Post
14 Easter Pick-up Lines to Find Eggs With
hide this ad
You Might Also Like...
Tags
nicholas
Ray
Today's Top Quizzes in Movies
Browse Movies
hide this ad
Today's Top Quizzes in nicholas
Browse nicholas
Top Contributed Quizzes in Movies
1
The ultimate James Bond movie quiz
2
Find The 'Big' Movie
3
Find The 'Wild' Movie
4
Find The 'Blue' Movie
5
Movies By Plot
6
Hidden Star Wars Character II
7
25 Best Actor Nominees (1990s)
8
Hidden Star Wars Character III
9
😉 2024 Oscar Nominees by Emoji
10
Hidden Star Wars Character IV
Explore More
Trending Topics
Marvel
Kpop
NBA
Disney
Anime
Harry Potter
Crossword
Song
The Office
Soccer
Pokémon
WWE
Country
Puzzle
NFL
hide this ad
More By:
NotBadFor
Quiz
Plays
Rating
Category
Featured
Created
Films by Howard Hawks
489
4.50
Movies
Mar 12, 2012
Films by William Wyler
278
5.00
Movies
Mar 26, 2012
Films by Yasujiro Ozu
202
5.00
Movies
Mar 11, 2012
Films by Vittorio De Sica
142
5.00
Movies
Mar 11, 2012
Films by Eric Rohmer
123
4.00
Movies
Mar 14, 2012
Go to Creator's Profile
Score Distribution
Quiz Creator Spotlight
NotBadFor
Follow
Send a Message
Quizzes Created
-
Created Quiz Play Count
-
More By This Creator
Popular Quizzes Today
1
Find the US States - No Outlines Minefield
2
Colored Red Africa Blitz
3
Find the 'City' Movie
4
The Countries of the World
5
5x2 Blitz: Bands
6
Find the US States
7
Find the Countries of Europe - No Outlines Minefield
8
US States
More Movies Quizzes
The '10-to-1 Movies: Finish That Title 15' Quiz!
Quiz Lab
Trending Quizzes
Colored Red Europe Blitz I
Colored Red Europe Blitz II
Colored Red Africa Blitz II
Colored Red Europe Blitz III
Colored Red Africa Blitz III
Recently Updated
Odd Team Out - Big 4 Players
pecheneg
Quick Pick: 20 Twenties
pecheneg
March Madness Men's Triple Doubles
pecheneg
How Do You Spell That?
pecheneg
Godzilla Movies
pecheneg
Grab Bag: 4-10 Letters
pecheneg
2024 March Madness Bracket
pecheneg
Famous TV Couples
Peacemaker
Champions League XIs: Real Madrid
pecheneg
Largest US Cities 1790-2010
pecheneg
Trending Topics
Disney
NBA
Kpop
Crossword
Anime
Marvel
Harry Potter
Country
WWE
The Office
NFL
Pokémon
Song
Soccer
Puzzle
Your Account Isn't Verified!
In order to create a playlist on Sporcle, you need to verify the email address you used during registration. Go to your
Sporcle Settings
to finish the process.
Report this User
Report this user for behavior that violates our
Community Guidelines
.
Details:
Send Report
Go to the Sporcle.com Mobile Site →
Comments